<?xml version="1.0" encoding="UTF-8"?>
<record
    xmlns:xsi="http://www.w3.org/2001/XMLSchema-instance"
    xsi:schemaLocation="http://www.loc.gov/MARC21/slim http://www.loc.gov/standards/marcxml/schema/MARC21slim.xsd"
    xmlns="http://www.loc.gov/MARC21/slim">

  <leader>01304    a2200289   4500</leader>
  <controlfield tag="003">NALT</controlfield>
  <controlfield tag="005">20241125142719.0</controlfield>
  <controlfield tag="008">180726b        th ||||| |||| 00| 0 tha d</controlfield>
  <datafield tag="020" ind1=" " ind2=" ">
    <subfield code="a">9786169306801</subfield>
  </datafield>
  <datafield tag="040" ind1=" " ind2=" ">
    <subfield code="a">NALT</subfield>
  </datafield>
  <datafield tag="050" ind1=" " ind2=" ">
    <subfield code="a">JC 423</subfield>
    <subfield code="b">&#xE21;661&#xE1B; 2561</subfield>
  </datafield>
  <datafield tag="100" ind1="1" ind2=" ">
    <subfield code="a">&#xE21;&#xE39;&#xE14;&#xE4C;&#xE40;&#xE14;, &#xE04;&#xE32;&#xE2A; </subfield>
    <subfield code="9">29653</subfield>
  </datafield>
  <datafield tag="245" ind1="1" ind2="0">
    <subfield code="a">&#xE1B;&#xE23;&#xE30;&#xE0A;&#xE32;&#xE19;&#xE34;&#xE22;&#xE21; : &#xE04;&#xE27;&#xE32;&#xE21;&#xE23;&#xE39;&#xE49;&#xE09;&#xE1A;&#xE31;&#xE1A;&#xE1E;&#xE01;&#xE1E;&#xE32; =</subfield>
    <subfield code="b">Populism : a very short introduction / </subfield>
    <subfield code="c">Cas Mudde, Cristobal Rovira Kaltwasser ; &#xE40;&#xE01;&#xE29;&#xE35;&#xE22;&#xE23; &#xE40;&#xE15;&#xE0A;&#xE30;&#xE1E;&#xE35;&#xE23;&#xE30;, &#xE41;&#xE1B;&#xE25;.</subfield>
  </datafield>
  <datafield tag="246" ind1="3" ind2="1">
    <subfield code="a">Populism : </subfield>
    <subfield code="b">a very short introduction.</subfield>
  </datafield>
  <datafield tag="250" ind1=" " ind2=" ">
    <subfield code="a">&#xE1E;&#xE34;&#xE21;&#xE1E;&#xE4C;&#xE04;&#xE23;&#xE31;&#xE49;&#xE07;&#xE41;&#xE23;&#xE01;</subfield>
  </datafield>
  <datafield tag="260" ind1=" " ind2=" ">
    <subfield code="a">&#xE01;&#xE23;&#xE38;&#xE07;&#xE40;&#xE17;&#xE1E;&#xE2F; :</subfield>
    <subfield code="b">&#xE1A;&#xE38;&#xE4A;&#xE04;&#xE2A;&#xE40;&#xE04;&#xE1B;,</subfield>
    <subfield code="c">2561.</subfield>
  </datafield>
  <datafield tag="300" ind1=" " ind2=" ">
    <subfield code="a">237 &#xE2B;&#xE19;&#xE49;&#xE32; :</subfield>
    <subfield code="b">&#xE20;&#xE32;&#xE1E;&#xE1B;&#xE23;&#xE30;&#xE01;&#xE2D;&#xE1A; ;</subfield>
    <subfield code="c">18 &#xE0B;&#xE21;.</subfield>
  </datafield>
  <datafield tag="650" ind1=" " ind2="0">
    <subfield code="a">&#xE1B;&#xE23;&#xE30;&#xE0A;&#xE32;&#xE19;&#xE34;&#xE22;&#xE21;</subfield>
    <subfield code="9">28180</subfield>
  </datafield>
  <datafield tag="650" ind1=" " ind2="4">
    <subfield code="a">&#xE1B;&#xE23;&#xE30;&#xE0A;&#xE32;&#xE18;&#xE34;&#xE1B;&#xE44;&#xE15;&#xE22;</subfield>
    <subfield code="9">2054</subfield>
  </datafield>
  <datafield tag="700" ind1="1" ind2=" ">
    <subfield code="9">29654</subfield>
    <subfield code="a">Mudde, Cas </subfield>
  </datafield>
  <datafield tag="700" ind1="1" ind2=" ">
    <subfield code="9">29655</subfield>
    <subfield code="a">Kaltwasser, Cristobal Rovira </subfield>
  </datafield>
  <datafield tag="700" ind1="1" ind2=" ">
    <subfield code="9">50915</subfield>
    <subfield code="a">&#xE04;&#xE31;&#xE25;&#xE15;&#xE4C;&#xE27;&#xE31;&#xE2A;&#xE40;&#xE0B;&#xE2D;&#xE23;&#xE4C;, &#xE04;&#xE23;&#xE34;&#xE2A;&#xE42;&#xE15;&#xE27;&#xE31;&#xE25; &#xE42;&#xE23;&#xE27;&#xE35;&#xE23;&#xE32; </subfield>
  </datafield>
  <datafield tag="700" ind1="0" ind2=" ">
    <subfield code="9">55</subfield>
    <subfield code="a">&#xE40;&#xE01;&#xE29;&#xE35;&#xE22;&#xE23; &#xE40;&#xE15;&#xE0A;&#xE30;&#xE1E;&#xE35;&#xE23;&#xE30;</subfield>
  </datafield>
  <datafield tag="850" ind1=" " ind2=" ">
    <subfield code="a">NALT</subfield>
  </datafield>
  <datafield tag="942" ind1=" " ind2=" ">
    <subfield code="2">lcc</subfield>
    <subfield code="c">GB</subfield>
  </datafield>
  <datafield tag="998" ind1=" " ind2=" ">
    <subfield code="c">101</subfield>
    <subfield code="b">phon</subfield>
    <subfield code="j">111</subfield>
    <subfield code="k"> &#xE19;&#xE32;&#xE07;&#xE2A;&#xE32;&#xE27;&#xE1E;&#xE08;&#xE1E;&#xE34;&#xE13;  &#xE1E;&#xE23;&#xE21;&#xE40;&#xE2D;&#xE35;&#xE48;&#xE22;&#xE21;</subfield>
  </datafield>
  <datafield tag="999" ind1=" " ind2=" ">
    <subfield code="c">94902</subfield>
    <subfield code="d">94902</subfield>
  </datafield>
  <datafield tag="952" ind1=" " ind2=" ">
    <subfield code="0">0</subfield>
    <subfield code="1">0</subfield>
    <subfield code="2">lcc</subfield>
    <subfield code="4">0</subfield>
    <subfield code="7">0</subfield>
    <subfield code="8">CGBL</subfield>
    <subfield code="a">NALT</subfield>
    <subfield code="b">NALT</subfield>
    <subfield code="d">2018-07-20</subfield>
    <subfield code="e">54</subfield>
    <subfield code="l">1</subfield>
    <subfield code="o">JC 423 &#xE21;661&#xE1B; 2561</subfield>
    <subfield code="p">3961208523</subfield>
    <subfield code="r">2024-11-25 00:00:00</subfield>
    <subfield code="s">2024-11-25</subfield>
    <subfield code="w">2018-07-20</subfield>
    <subfield code="y">GB</subfield>
  </datafield>
  <datafield tag="952" ind1=" " ind2=" ">
    <subfield code="0">0</subfield>
    <subfield code="1">0</subfield>
    <subfield code="2">lcc</subfield>
    <subfield code="4">0</subfield>
    <subfield code="7">0</subfield>
    <subfield code="8">CSEN</subfield>
    <subfield code="a">NALT</subfield>
    <subfield code="b">NALT</subfield>
    <subfield code="c">GEN</subfield>
    <subfield code="d">2022-01-18</subfield>
    <subfield code="o">JC 423 &#xE21;661&#xE1B; 2561</subfield>
    <subfield code="p">0100010145001</subfield>
    <subfield code="r">2022-09-14 00:00:00</subfield>
    <subfield code="w">2022-01-18</subfield>
    <subfield code="y">GB</subfield>
  </datafield>
</record>
